00562cam a22002051 450000100060000000300080000600500170001400800390003103500190007003500190008904000400010804100080014808200180015610000160017424500420019026000350023230000210026750400210028865000470030926983BD-RjUL20211209051109.0140324s1952 enk 001 0 eng a(BD-RjUL)27054 a(OCoLC)6728297 aDLCcFStSdOCoLCdDLCdBD-RjULbeng aeng a956bBRB 19521 aBrock, Ray.10aBlood, oil, and sand /cby Ray Brock. aLondon :bBodley Head,cc1952. a256 p. ;c22 cm. aIncludes index.  0aPetroleum industry and tradezMiddle East.